Clikipedia: Monsters! Quiz Stats

 Plays Quiz Updated Nov 15, 2018

Challenge
Share
Tweet
Embed
Score 0/40 Timer 09:00
4 Plays Today
% Correct
Cyclops
95.8%
Count Dracula
92.6%
Werewolf
89.9%
Mummies
87.1%
Zombie
86.2%
Mr. Hyde
85.3%
Dragons
85.3%
Jaws
84.7%
Loch Ness Monster
84.5%
Cookie Monster
84.2%
Yeti
82.1%
Minotaur
80.2%
Ghost
79.4%
Freddy Krueger
78.5%
Headless Horseman
77.9%
King Kong
77.1%
Bigfoot
76.5%
Chucky
75.6%
Mothra
74.6%
Godzilla
73.2%
% Correct
The Blob
68.3%
Michael Myers
67.2%
Blacula
67.1%
Frankenstein's Monster
64.6%
Ogres
61.4%
Jason Voorhees
58.8%
Trolls
57.5%
Norman Bates
54%
Phantom of the Opera
49.2%
Invisible Man (Griffin)
48.9%
Gremlin
48.2%
Mephistopheles
42.3%
Triffid
42%
Gill-man
40.3%
The Thing
38.9%
Cthulhu
34.5%
Gamera
32.1%
Graboid
31.8%
Ghidorah
25.4%
Rodan
22.6%

You're not logged in!

Compare scores with friends on all Sporcle quizzes.
OR
Log In

You Might Also Like...

Show Comments

Extras

Top Quizzes Today


Score Distribution

Your Account Isn't Verified!

In order to create a playlist on Sporcle, you need to verify the email address you used during registration. Go to your Sporcle Settings to finish the process.

Report this User

Report this user for behavior that violates our Community Guidelines.

Details: